000 00519nam a2200181Ia 4500
003 OSt
005 20200909103557.0
008 190216s9999||||xx |||||||||||||| ||und||
020 _a9788185618104
040 _coclc
082 _a621.380414
_bGHA/O
100 _aGhatak, Ajoy
_94428
245 0 _aOptical Electronics /
_cAjoy Ghatak ; K Thyagarajan
260 _bCambridge Uty Press,
_c1999.
300 _a624p
650 _aPhysics
942 _cBK
_2ddc
_h621.380414
_iGHA/O
_k621.380414
_mGHA/O
999 _c33505
_d33505